000 00651nam a2200169 i 4500
001 166501
003 ES-MaACL
005 20250808230412.0
008 050913s1889 gw |||| | ger d
100 1 _aTorres Campos, Manuel.
_9110934
245 1 4 _aDas staatsrecht des Königreichs Spanien /
_cvon Manuel Torres Campos.
260 _aFreiburg :
_bAkademische Verlagsbuchhandlung von J.C.B. Mohr (Paul Siebeck),
_c1889.
300 _a125 p. ;
_c27 cm.
650 4 _aDerecho constitucional-
_zEspaña
_911682
852 _aES-MaACL
_jT-661-F-8
_z- Enc. hol., conservando cub. original
_z- Enc. en un vol. facticio
999 _c166501
_d166501